00498nam a22001697a 450000500170000001000170001702000250003403500170005903700240007608200100010010000220011024500490013226000320018127000670021330000290028049000190030920121018163051.0 aB-483147-175 a9788179931745c75.00 aB-483146-175 aBlue Berry/VenbDPL a553.7 aMukherjee, Vijita aWater :bVijita Mukherjeecthe big splash! / aNew DelhibTeri Pressc2008 aDarbari Seth Block, IHC Complex, Lodhi RoadbNew Delhie110003 aunpaged.bcol.illc23cm. aKnow all about